|
|
|
|
| LEADER |
01378nam a2200325 a 4500 |
| 001 |
33307 |
| 003 |
BD-DhAAL |
| 005 |
20180711110537.0 |
| 008 |
180711t2006 ii b 001 0 eng |
| 999 |
|
|
|c 39648
|d 39648
|
| 020 |
|
|
|a 8178241307
|
| 035 |
|
|
|a 3993031
|
| 040 |
|
|
|a Nz
|b eng
|d ANL
|
| 043 |
|
|
|a a-ii---
|
| 050 |
|
4 |
|a BL1280.292.V58.A25
|b S46 2006
|
| 082 |
0 |
4 |
|a 294.5095414
|2 22
|
| 100 |
1 |
|
|a Vivekananda,
|c Swami,
|d 1863-1902.
|9 26872
|
| 245 |
1 |
4 |
|a The indispensable Vivekananda :
|p an anthology for our times ;
|c edited by Amiya P. Sen.
|
| 260 |
|
|
|a Delhi, India :
|b Permanent Black,
|c 2006.
|
| 300 |
|
|
|a xi, 242 pages ;
|c 22 cm.
|
| 504 |
|
|
|a Includes bibliographical references (pages [239]-240) and index.
|
| 526 |
|
|
|a ARC
|
| 541 |
|
|
|e 33307
|
| 600 |
1 |
0 |
|a Vivekananda,
|c Swami,
|d 1863-1902.
|t Works.
|k Selections.
|9 26873
|
| 650 |
|
0 |
|a Hinduism
|z India
|z Bengal
|x History
|y 19th century.
|9 26874
|
| 650 |
|
0 |
|a Revivals
|z India
|z Bengal
|x History
|y 19th century.
|9 26875
|
| 700 |
1 |
|
|a Sen, Amiya P.,
|d 1952-
|9 26876
|
| 852 |
|
|
|a Department of Architecture
|c General Stacks
|
| 942 |
|
|
|2 ddc
|c BK
|
| 952 |
|
|
|0 0
|1 1
|2 ddc
|4 0
|6 294_509541400000000_VIV
|7 0
|9 63701
|a ARC
|b ARC
|c GEN
|d 2018-07-11
|l 0
|o 294.5095414 VIV
|p 3010033307
|r 2018-07-11
|t 1
|w 2018-07-11
|y BK
|x lost from the ARC department library and approved by the Dean (reasons personal books withdrawn by Hasibul Kabir Sir and Building shifting)
|